[Event "Tata Steel-A 74th"]
[Site "Wijk aan Zee"]
[Date "2012.01.14"]
[Round "1"]
[White "Nakamura, Hikaru"]
[Black "Ivanchuk, Vassily"]
[Result "1/2-1/2"]
[WhiteElo "2759"]
[BlackElo "2766"]
[Annotator "Krasenkow,M"]
[PlyCount "42"]
[EventDate "2012.01.14"]
[EventType "tourn"]
[EventRounds "13"]
[EventCountry "NED"]
[EventCategory "21"]
[SourceTitle "CBM 147"]
[Source "ChessBase"]
[SourceDate "2012.03.16"]
[SourceVersion "1"]
[SourceVersionDate "2012.03.16"]
[SourceQuality "1"]

1. c4 c6 2. d4 d5 3. Nf3 e6 4. Nc3 dxc4 5. g3 b5 6. Bg2 Bb7 7. Ne5 (7. O-O Nd7
8. Ne5 Qc8 {- this move order was seen in the old game Aronian - Galkin (see
below).}) 7... Qc8 {A rare but possible move preparing ...Nb8-d7.} (7... a6 {
is played more often.}) 8. O-O Nd7 9. b3 $1 (9. a4 Ngf6 10. a5 a6 11. b3 cxb3
12. Qxb3 c5 13. Bxb7 Qxb7 14. Nxd7 Qxd7 15. dxc5 Bxc5 16. Bg5 Be7 17. Rac1 O-O
18. Bxf6 gxf6 19. Ne4 Rac8 20. Qb2 Kg7 21. g4 Qd5 22. Ng3 Qe5 $17 {0-1 Aronian,
L (2610)-Galkin,A (2568)/Moscow 2003/CBM 094 (79)}) 9... b4 $146 {Hardly an
improvement. Black should look for a more convincing way to obtain sufficient
counterchances.} (9... cxb3 10. Qxb3 Ngf6 11. Bg5 h6 12. Bxf6 gxf6 13. Nxd7
Qxd7 14. Ne4 Be7 15. Rfd1 Rd8 {0-1 Romero Holmes,A (2560)-Dizdarevic,E (2491)/
Istanbul 2003/CBM 096 (38)} 16. a4 $36) 10. Ne4 Nxe5 (10... c3 $2 11. Nc4) 11.
dxe5 c3 12. Qd3 $44 {White has a huge development advantage; moreover, it is
difficult for Black to complete his development and evacuate his king from the
centre. However, White should play precisely to keep his initiative -
something he fails to do.} a5 (12... f5 $142) 13. Be3 {An inaccurate move. It
is still unclear whether this bishop will be more useful on e3, f4, or g5;
therefore, at this point it is better to play} (13. Rd1 $142 $16) 13... f5 14.
exf6 Nxf6 15. Nxf6+ (15. Rfd1 Nd5) 15... gxf6 16. Bf3 Kf7 17. Rfd1 $2 (17. Bh5+
Kg7 {[%cal Yh8g8,Yg7h8]} 18. Rad1 Rg8 19. Qd7+ Kh8 20. Qf7 c5 $1 21. Qxf6+ Bg7
$13) 17... h5 18. a4 Rb8 $6 {Black offers a repetition of moves when it was
quite time for him to play for a win:} (18... Be7 $17 {[%cal Yc6c5]} 19. Qd7
$140 c2 $1 20. Rd2 Qxd7 21. Rxd7 Rad8 $1 22. Rxd8 Rxd8 23. Rc1 Rd1+ 24. Kg2
Rxc1 25. Bxc1 f5 $1 {(preventing Bf3-e4), and Black's queenside pawns should
decide the game.}) 19. Ba7 Ra8 20. Be3 Rb8 21. Ba7 Ra8 1/2-1/2

[Event "Biel Suri Memorial"]
[Site "Biel"]
[Date "2014.07.22"]
[Round "8"]
[White "Wojtaszek, Radoslaw"]
[Black "Giri, Anish"]
[Result "1/2-1/2"]
[WhiteElo "2733"]
[BlackElo "2750"]
[Annotator "Krasenkow,M"]
[PlyCount "100"]
[EventDate "2014.07.14"]
[EventType "tourn"]
[EventRounds "10"]
[EventCountry "SUI"]
[EventCategory "19"]
[SourceTitle "CBM 162"]
[Source "ChessBase"]
[SourceDate "2014.09.17"]
[SourceVersion "1"]
[SourceVersionDate "2014.09.17"]
[SourceQuality "1"]

1. d4 d5 2. c4 e6 3. Nc3 c6 4. e4 dxe4 5. Nxe4 Bb4+ 6. Bd2 Qxd4 7. Bxb4 Qxe4+
8. Ne2 Na6 ({I recommended} 8... Nd7 {in CBM 152; the text move is more
popular.}) 9. Bf8 Ne7 10. Bxg7 Nb4 11. Qd6 {This move allows Black to
liquidate into a quiet ending. Instead,} (11. Bxh8 e5 {leads to immense
complications.}) 11... Nd3+ $1 12. Kd2 Nf5 13. Qxd3 Qxd3+ 14. Kxd3 Nxg7 {
A well-known position considered quite satisfactory for Black. The present
game doesn't change that conclusion.} 15. Kc3 (15. Ng3 c5 (15... b6 $143 16. c5
$1 Ke7 17. Kc3 Rd8 18. f4 bxc5 19. Re1 Ne8 20. Ne4 Nf6 21. Nxf6 Kxf6 22. Bd3 h6
23. Re5 Rd5 24. Rhe1 Bb7 25. Bc4 $14 {1-0 (58) Pruess,D (2376)-Shulman,Y (2559)
Connecticut 2004}) 16. Be2 b6 17. Bf3 Rb8 18. Kc3 (18. Rad1 Bb7 19. Bxb7 Rxb7
20. Ke4 h5 21. h4 Rh6 22. f4 Rg6 23. Kf3 Rd7 $11 {1/2 (59) Van Oosterom,J 
(2655)-Tomkovich,V (2505) ICCF 1996}) 18... Bb7 19. Bxb7 Rxb7 20. Rad1 Ke7 21.
Rhe1 Rbb8 22. a3 Rhd8 23. Rxd8 Rxd8 24. b4 Rc8 25. Ne4 cxb4+ 26. axb4 Ne8 27.
f4 Nc7 28. Kb3 Rd8 $11 {0-1 (62) Dobrov,V (2492)-Frolyanov,D (2556) Sochi 2012}
) 15... b6 {Black has other good continuations:} (15... e5 16. Re1 O-O 17. f4
Re8 (17... e4 $5 18. Nd4 f5) 18. Ng3 exf4 19. Rxe8+ Nxe8 20. Nh5 Bf5 21. Be2
Nd6 22. Bf3 Bg6 23. Nxf4 Ne4+ 24. Bxe4 Bxe4 25. Rd1 $14 {1/2 (56) Kharlov,A 
(2633)-Galkin,A (2569) Dubai 2002}) (15... Bd7 16. c5 (16. Ng3 $5 O-O-O 17. Ne4
) 16... e5 17. Ng3 Ne6 18. Ne4 Ke7 19. Bc4 f5 20. Bxe6 Bxe6 21. Nd6 b6 $132 {
0-1 (41) Romanko,M (2399)-Goryachkina,A (2333) Pushchino 2012}) (15... Ke7 16.
Re1 (16. Ng3 c5 17. Bd3 b6 18. Be4 Rb8 19. Rhe1 Bb7 20. Rad1 Bxe4 21. Rxe4 f5
22. Ree1 Rbd8 23. b4 Rxd1 24. Rxd1 Rc8 25. b5 Ne8 26. Nh5 Rd8 $11 {0-1 (52)
Kharlov,A (2633)-Galkin,A (2569) Batumi 2002}) 16... Bd7 17. g3 Rad8 18. Bg2 f6
19. f4 h5 20. Nc1 Be8 21. b4 Bg6 $132 {1/2 (54) Aleksandrov,A (2617)-Zhigalko,
S (2668) Minsk 2010}) (15... c5 16. g3 Bd7 (16... b6 17. Bg2 Rb8 18. Rhd1 Bb7
19. Bxb7 Rxb7 20. Rd3 Rd7 21. Rad1 Rxd3+ 22. Rxd3 Ke7 23. Kc2 Rb8 24. Ra3 Rb7
25. g4 h5 26. gxh5 Nxh5 27. Nc3 Nf6 28. h3 Nd7 29. Nb5 a5 $11 {1/2 (56)
Vaisser,A (2580)-Flear,G (2495) San Sebastian 1992}) 17. Bg2 O-O-O 18. Rad1 (
18. Rab1 e5 19. Rhe1 {1/2 (19) Dorfman,I (2580)-Kashlinskaya,A (2422)
Podebrady CZE 2013}) 18... Kc7 19. Nf4 Bc6 20. Bxc6 Kxc6 21. Nd3 f6 22. Rhe1
Rd6 23. Nf4 Rhd8 24. Rxd6+ Rxd6 25. a3 a6 26. b4 b5 27. Nd3 cxb4+ 28. axb4 bxc4
29. Kxc4 Ne8 30. Nc5 e5 31. Ra1 Rd4+ 32. Kb3 Nc7 33. Nxa6 Nd5 $11 {1/2 (58)
Dreev,A (2654)-Zhigalko,S (2656) Jurmala 2013}) 16. g4 {This move restricts
Black's g7 knight but allows the undermining by ...h7-h5. However, other
options are hardly promising either:} (16. g3 Bb7 17. Bg2 O-O-O 18. Rhd1 c5 19.
Bxb7+ Kxb7 20. Ng1 Nf5 21. Nf3 f6 22. Rd2 e5 23. Re1 Nd4 24. Nxd4 Rxd4 25. Rxd4
cxd4+ 26. Kd3 Kc6 27. f4 Kd6 28. fxe5+ fxe5 29. Rf1 Ke6 $11 {1/2 (42) Gundavaa,
B (2516)-Frolyanov,D (2570) Khanty-Mansiysk 2013}) ({After} 16. c5 {Black now
obtains counterplay by means of} Nh5 {[%cal Yh5f6]}) 16... Bb7 17. Bg2 O-O-O
18. Rad1 h5 19. g5 c5 20. Bxb7+ Kxb7 21. Nf4 Nf5 $1 {[%mdl 512] This temporary
pawn sacrifice solves Black's problems.} 22. Rxd8 Rxd8 {[%mdl 4096]} 23. Nxh5
Rg8 $1 24. h4 (24. f4 $6 Rh8 25. Nf6 (25. Ng3 {is impossible - that's the
point behind 23...Rg8!}) 25... Rh3+) (24. Rg1 {had been already seen in
practice:} Rh8 25. Ng3 Rxh2 26. Nxf5 exf5 27. Re1 Rxf2 28. Re7+ Kc6 29. Rxf7
Rf3+ 30. Kd2 Rg3 $5 {(the simplest: Black's active rook guarantees him a draw)}
31. Rxf5 Kd6 32. Rd5+ Ke6 33. Kc2 Rg2+ 34. Kb3 Rg3+ 35. Ka4 Rg2 36. Ka3 Rg3+
37. Ka4 Rg2 38. Ka3 Rg3+ 39. b3 Rg2 40. Rd8 Rxg5 41. Ka4 Rg2 42. a3 Rg3 43. Ra8
Kd6 44. Rxa7 Kc6 $11 {1/2 (52) Timofeev,A (2641)-Frolyanov,D (2564) Tyumen 2012
}) 24... Rh8 25. Ng3 Rxh4 26. Rxh4 Nxh4 {White has a marginal space advantage
but Black easily steer the game to a draw:} 27. Ne4 Kc6 28. Kd3 Ng6 29. Ke3 Ne5
30. b3 Kd7 31. Nf6+ Ke7 32. Ke4 Nc6 33. Ng4 Nd4 34. b4 Ne2 35. bxc5 bxc5 36. a3
Nd4 37. Ne5 a6 38. f4 a5 39. a4 Ne2 40. Nc6+ Kd6 41. Nd8 (41. Nxa5 Nc3+ 42. Kd3
Nxa4 $11) 41... Ke7 42. Nb7 Nc3+ 43. Ke5 Nxa4 44. Nxa5 Nb6 45. Ke4 f6 46. Nc6+
Kf7 47. Nd8+ Kg6 48. Nxe6 fxg5 49. fxg5 Nxc4 50. Nxc5 Kxg5 1/2-1/2

[Event "USA-ch"]
[Site "Saint Louis"]
[Date "2016.04.23"]
[Round "9"]
[White "Lenderman, Aleksandr"]
[Black "Caruana, Fabiano"]
[Result "0-1"]
[WhiteElo "2618"]
[BlackElo "2795"]
[Annotator "Krasenkow,M"]
[PlyCount "80"]
[EventDate "2016.04.14"]
[EventType "tourn"]
[EventRounds "11"]
[EventCountry "USA"]
[EventCategory "17"]
[SourceTitle "CBM 172"]
[Source "ChessBase"]
[SourceDate "2016.05.12"]
[SourceVersion "1"]
[SourceVersionDate "2016.05.12"]
[SourceQuality "1"]

1. c4 e6 2. Nc3 d5 3. d4 Be7 4. cxd5 exd5 5. Bf4 c6 6. e3 Bf5 7. g4 Be6 8. h4
Nd7 9. g5 {This has recently become more popular than} (9. h5) 9... h6 {
The most logical move but knight manoeuvres have been seen in practice, too:} (
9... Nf8 $5 10. Be5 f6 11. Bg3 $5) (9... Nb6 10. Be5 h6 $5 11. Bxg7 Rh7 12.
gxh6 Nxh6 13. Be5 Ng4 14. Bg3 Bxh4 15. Qf3 Qe7 $13 {0-1 (33) Lokander,M (2271)
-Talla,V (2388) Pardubice 2012}) 10. g6 f5 $1 $146 {[%mdl 40] An interesting,
aggressive novelty. Black avoids the opening of the g-file. White's g- and
h-pawns remain weak. In other cases Black faces problems:} (10... fxg6 11. Bd3
Bf7 (11... Ngf6 12. Bxg6+ Bf7 13. Bxf7+ Kxf7 14. Nf3 Rf8 15. Rg1 $40 {1-0 (26)
Ponomariov,R (2743)-Sargissian,G (2671) Khanty-Mansiysk 2013}) (11... Nf8 12.
Qc2 (12. Nf3 Bf5 13. Ne5 Nf6 14. Rg1 $36 {1-0 (40) Caruana,F (2736)-Melkumyan,
H (2620) Moscow 2012}) 12... Bf6 (12... Nf6 13. Nf3 Qc8 14. Ne5 Bf5 15. Nxg6
Bxd3 16. Qxd3 Nxg6 17. Qxg6+ Kd8 18. O-O-O $16 {1-0 (41) Artemiev,V (2499)
-Oparin,G (2496) Loo 2013}) (12... g5 13. hxg5 Bxg5 14. Bg3 Bf6 15. Nge2 h5 16.
O-O-O h4 17. e4 Nh6 18. Bf4 g5 19. Bd2 $40 {1-0 (33) Brodsky,M (2558)-Jojua,D 
(2507) Cappelle-la-Grande 2012}) 13. O-O-O Ne7 14. Nge2 Bf5 15. e4 dxe4 16.
Nxe4 Bxe4 17. Bxe4 Nd5 18. Bg3 Qa5 19. Bxd5 cxd5 20. Kb1 $40 {1-0 (35) Peralta,
F (2591)-Barsov,A (2514) Catalunya 2012}) 12. Qc2 Ngf6 (12... g5 13. hxg5 Bxg5
14. Bg3 Ne7 15. Nf3 Bf6 16. O-O-O c5 17. Kb1 c4 18. Bf5 O-O 19. Rdg1 Qe8 20.
Bf4 $16 {1-0 (26) Tomashevsky,E (2711)-Aghasaryan,R (2503) Yerevan 2014}) 13.
Bxg6 O-O 14. Nge2 Nh5 15. O-O-O Qe8 16. Bh7+ Kh8 17. Rdg1 $40 {1/2 (29) Savina,
A (2389)-Batsiashvili,N (2408) Loo 2014}) (10... Ngf6 11. gxf7+ Bxf7 12. Bd3 (
12. Nf3 Nh5 13. Bh2 O-O 14. Be2 Nhf6 15. Qc2 Ne4 16. Nxe4 dxe4 17. Nd2 c5 $36 {
1-0 (33) Gretarsson,H (2560)-Ragnarsson,D (2272) Reykjavik ISL 2015}) 12... O-O
(12... Qa5 13. Nge2 Ne4 14. Qb3 b5 15. Qc2 Ndf6 16. Rg1 Nxc3 17. bxc3 Kf8 18.
Be5 $16 {1/2 (49) Dzagnidze,N (2545)-Kosteniuk,A (2491) Geneve 2013}) (12...
Ne4 13. Bxe4 (13. Nxe4 dxe4 14. Bxe4 Nf6 15. Bf3 O-O 16. Ne2 {1-0 (81)
Ponomariov,R (2743)-Riazantsev,A (2708) Khanty-Mansiysk 2013} Nd5 $44) 13...
dxe4 14. Nge2 O-O 15. Qc2 Nf6 16. Rg1 Kh8 17. Be5 $36 {1-0 (33) Nepomniachtchi,
I (2717)-Ponomariov,R (2756) Riga 2013}) (12... Nh5 13. Bh2 (13. Be5 O-O 14.
Qg4 Nhf6 15. Qg3 Nh5 16. Qg4 Nhf6 17. Qg3 Nh5 {1/2 (17) Morozevich,A (2762)
-Giri,A (2714) Reggio Emilia 2012}) 13... O-O (13... Bxh4 14. Nf3 O-O {1-0 (44)
Song,M (2340)-Tang,A (2416) Las Vegas USA 2015} 15. Bf5 Be7 16. Rg1 $44) 14.
Qg4 Ndf6 15. Qg2 Be6 16. Bg6 Ne4 17. Nf3 Nxc3 18. bxc3 Qa5 19. Kd2 Qa3 20. Rhb1
$36 {1/2 (39) Stefanova,A (2496)-Kosteniuk,A (2495) Tashkent 2013}) 13. Qf3 Qb6
(13... Kh8 14. Nge2 Ne4 15. Bxe4 dxe4 16. Qxe4 Nf6 17. Qg2 Bh5 {1-0 (32)
Rodshtein,M (2638)-Avrukh,B (2576) Beersheba 2013} 18. Be5 $16) 14. O-O-O Bh5 (
14... c5 15. Nge2 Rac8 16. Rhg1 Kh8 17. Bc2 cxd4 18. Rxd4 Bc5 19. Na4 Qa5 20.
Nxc5 Rxc5 21. Bd6 Qxa2 22. Bxc5 Nxc5 23. Qg3 $18 {1-0 (75) Nepomniachtchi,I 
(2721)-Aronian,L (2803) Beijing 2013}) 15. Qg2 Bxd1 16. Nxd1 $44 {[%csl Rg8]
[%cal Rf4h6,Yg1e2,Yh1g1]}) 11. Bg3 $6 {The plan of bringing the knight to f4
is too slow. At the end White fails to castle, and his king finds itself under
attack.} (11. Qc2 Ngf6 12. O-O-O O-O 13. Kb1 {[%cal Yg1e2] needs investigation.
}) 11... Ngf6 12. Nh3 Nb6 13. Nf4 Bd7 14. f3 O-O 15. Kf2 $6 (15. Qc2 {[%cal
Ye1c1] was called for.}) 15... Rc8 16. Bd3 c5 $1 {Black opens up the position
for his pieces.} 17. Kg2 {This place is not quite safe for White's king.} cxd4
18. exd4 Bd6 {One of Black's ideas is ...Bxf4 followed by ...Nh5; ...Nc4 is
possible at any moment, too.} 19. Qb3 $6 (19. Qd2 Nc4 20. Bxc4 Rxc4 {[%cal
Yb7b5,Yd8b6] is quite unpleasant for White but "active" play leads to a quick
collapse.}) 19... Kh8 20. Bb5 Bxf4 $1 21. Bxf4 Nh5 22. Be5 Bxb5 23. Qxb5 Nc4
24. Rae1 Nxe5 25. Rxe5 Qf6 26. Kf2 Qxg6 $19 {[%csl Rf2] Black has captured
this important pawn; White's king has no safe haven and is doomed in the long
term.} 27. Rg1 Qf6 28. Rh1 Nf4 29. Ke3 Ng6 30. Rxd5 Nxh4 31. Rd7 Qg5+ 32. Kd3
Nxf3 33. Rd1 Qg2 34. Rxb7 Rfe8 35. Rc7 Rb8 36. Qc6 Red8 37. Kc4 Rxd4+ 38. Kc5
Rxd1 39. Nxd1 Qg1+ 40. Kc4 Qd4# 0-1

[Event "Biel GM 45th"]
[Site "Biel"]
[Date "2012.07.24"]
[Round "2"]
[White "Bacrot, Etienne"]
[Black "Morozevich, Alexander"]
[Result "1-0"]
[WhiteElo "2713"]
[BlackElo "2770"]
[Annotator "Krasenkow,M"]
[PlyCount "49"]
[EventDate "2012.07.23"]
[EventType "tourn"]
[EventRounds "10"]
[EventCountry "SUI"]
[EventCategory "21"]
[SourceTitle "CBM 150"]
[Source "ChessBase"]
[SourceDate "2012.09.14"]
[SourceVersion "1"]
[SourceVersionDate "2012.09.14"]
[SourceQuality "1"]

1. d4 d5 2. c4 e6 3. Nc3 c6 4. e4 dxe4 5. Nxe4 Bb4+ 6. Bd2 Qxd4 7. Bxb4 Qxe4+
8. Be2 Na6 9. Bd6 Qxg2 10. Qd2 e5 (10... Qxh1 $2 11. O-O-O {[%cal Rd6g3,Re2f3]}
) (10... Nf6 {is the main theoretical continuation - see e.g.
Moiseenko-Pavasovic in CBM 118 with annotations by GM I.Stohl.}) 11. Bxe5 (11.
Bf3 Qg6 12. Bxe5 Be6 13. O-O-O Nf6 14. Ne2 Qf5 $1 15. Qc3 Nb4 $1 16. Qxb4 Qxe5
17. Rhe1 Qc7 {[%cal Yc7e7]} 18. Nd4 O-O-O $17 {0-1 Castilla Leon Salas,C (2126)
-Sengupta,D (2562)/Seville ESP 2012/The Week in Chess 896 (27)}) (11. O-O-O $5
Bf5 (11... Qe4 $1 12. Bxe5 Bf5) 12. Bxe5 (12. Nf3 $1) 12... Ne7 (12... Qe4 $1
13. Bd3 Qxd3 14. Qxd3 Bxd3 15. Bxg7 Nb4 $132) 13. Nf3 f6 14. Rhg1 Qh3 15. Rxg7
fxe5 16. Rxe7+ Kxe7 17. Qd6+ {1-0 Steneskog,P-Eriksson,M (2225)/Linkoping 1996/
EXT 2000}) 11... Bf5 (11... Be6 $143 12. O-O-O) (11... Qxh1 $2 12. O-O-O {
[%cal Rd2d8,Re2f3]}) 12. Bf3 $1 (12. O-O-O Qe4 {- see above.}) 12... Qg6 13.
O-O-O Nc5 14. Qe3 $44 {[%csl Re8] It is very difficult to defend such
positions (though they are theoretically satisfactory) since a minor mistake
can lead to a disaster, which the present game shows. White's margin of error
is much wider here.} Bb1 $1 (14... Ne6 15. Ne2 $40) 15. Rd2 (15. Bd6+ Ne6 16.
Qb3 O-O-O $1 17. Bxc6 Nc5 $1 18. Bxc5 Rxd1+ 19. Qxd1 Qxc6 20. Qg4+ Kb8 $1 21.
Qg3+ Kc8 22. Kxb1 Qxh1 23. Qxg7 Qe4+ 24. Kc1 Qxc4+ 25. Kd1 Qxc5 26. Qxh8 $11)
15... Bxa2 16. Bd6+ (16. Rd6 Nb3+ 17. Kd1 Qb1+ 18. Ke2 Qc2+ 19. Ke1 Ne7 20.
Bxg7 $13) 16... Ne6 17. Be4 Qh6 18. f4 Nf6 19. Nf3 Bxc4 (19... Nxe4 20. Qxe4
O-O-O 21. Ne5 {looks dangerous for Black although, according to the analysis,
he survives after} Rhe8 $1 ({or even} 21... Qf6 22. Nxc6 Rxd6 23. Rxd6 bxc6 24.
Qxc6+ Kb8 25. Qb5+ Ka8) 22. Nxf7 (22. Nxc6 Rxd6 $1 23. Rxd6 Qxf4+ 24. Qxf4 Nxf4
) 22... Nd4 $1 23. Qxd4 Qg6 24. f5 $1 Qxf7 $1 25. Qxa7 Rxd6 26. Qa8+ Kc7 27.
Qa5+ Kb8 28. Rxd6 Qxc4+ 29. Qc3 $11) 20. Re1 O-O-O {Of course, it is not easy
to find a defence like} (20... Nd5 $1 21. Qf2 $1 Rd8 $13) ({or} 20... Bd5 21.
Bf5 Qh5 $1 22. Ng5 O-O-O $1 23. Nxe6 fxe6 24. Bxe6+ Bxe6 25. Qxa7 Rxd6 $1 26.
Rxd6 Bd7 27. Qa8+ Kc7 28. Rxd7+ Nxd7 29. Qxh8 $11) 21. Bxc6 $1 Ba6 $2 {The
first and decisive mistake.} (21... bxc6 {was quite possible. After} 22. Qxa7
Rxd6 $1 {White has nothing better than a perpetual:} 23. Qa8+ Kc7 24. Qa7+) 22.
Ng5 $1 $18 {[%mdl 64]} Nxg5 $2 {This leads to a forced mate but} (22... Rxd6 {
is not enough anymore:} 23. Rxd6 bxc6 24. Nxf7 Qxf4 25. Rxc6+ (25. Qxf4 $143
Nxf4 26. Nxh8 Kc7 27. Nf7 Nd3+ 28. Rxd3 Bxd3) 25... Kb7 26. Rxe6 Rc8+ 27. Kb1
Qf5+ 28. Ka1 Qa5+ 29. Qa3 $18) 23. Bd7+ $1 Kxd7 (23... Rxd7 24. Qc5+ Kd8 25.
Be7+ Ke8 26. Qc8+) (23... Nxd7 24. Qc3+) 24. Qe7+ Kc6 25. Qc7+ {, and mate in
two.} 1-0